Κωνσταντίνος Καραθεοδωρή (1873-1950) : λόγος εκφωνηθείς την 2 Φεβρουαρίου 1951 κατά το υπό της Σχολής Φυσικών και Μαθηματικών Επιστημών, τελεσθέν επιστημονικόν αυτού μνημόσυνον εν τη μεγάλη αιθούση τελετών
Saved in:
| Main Author: | |
|---|---|
| Format: | Book |
| Language: | Greek |
| Published: |
Θεσσαλονίκη :
Πανεπιστήμιο Θεσσαλονίκης,
1951.
|
| Subjects: | |
| Tags: |
Add Tag
No Tags, Be the first to tag this record!
|
MARC
| LEADER | 00000cam a2200000 i 4500 | ||
|---|---|---|---|
| 001 | 1/8089 | ||
| 008 | 000626s1951 gr | ||| |||| ||gre|| | ||
| 035 | |l 10062547 | ||
| 040 | |a GR-MyUA |b gre |e AACR2 | ||
| 041 | 0 | |a gre | |
| 082 | 0 | |a 378.495092 | |
| 100 | 1 | |a Βαρόπουλος, Θ. Α. | |
| 245 | 1 | 0 | |a Κωνσταντίνος Καραθεοδωρή (1873-1950) : |b λόγος εκφωνηθείς την 2 Φεβρουαρίου 1951 κατά το υπό της Σχολής Φυσικών και Μαθηματικών Επιστημών, τελεσθέν επιστημονικόν αυτού μνημόσυνον εν τη μεγάλη αιθούση τελετών / |c υπό Θεόδωρου Βαρόπουλου. |
| 260 | |a Θεσσαλονίκη : |b Πανεπιστήμιο Θεσσαλονίκης, |c 1951. | ||
| 300 | |a 19 σ. ; |c 24 εκ. | ||
| 600 | 1 | 0 | |a Καραθεοδωρής, Κωνσταντίνος Στ., |d 1873-1950. |
| 852 | |a INST |b SAMOS |e 20000626 |h 378.495092 ΒΑΡ |p 005300017983 |q 005300017983 |t BK |y 0 | ||
| 901 | |a BIBL3-2000-2 | ||
| 909 | |a Σ |b 075032 | ||
| 970 | |z 2000/06/ΠΑΝΤΖΑΛΗ | ||